El siglo XIX (Record no. 36223)

MARC details
000 -LEADER
campo de control de longitud fija 00729nam a2200217 i 4500
001 - NÚMERO DE CONTROL
campo de control 36223
003 - IDENTIFICADOR DE NÚMERO DE CONTROL
campo de control ES-MaACL
005 - FECHA Y HORA DE LA ÚLTIMA TRANSACCIÓN
campo de control 20230906155328.0
007 - CAMPO FIJO DE DESCRIPCIÓN FÍSICA--INFORMACIÓN GENERAL
campo de control de longitud fija t|
008 - DATOS DE LONGITUD FIJA--INFORMACIÓN GENERAL
campo de control de longitud fija 030217s1973 sp ||||1| spa d
100 1# - ENTRADA PRINCIPAL--NOMBRE DE PERSONA
Nombre de persona Briggs, Asa.
9 (RLIN) 31719
245 13 - MENCIÓN DEL TÍTULO
Título El siglo XIX
Resto del título : las contradicciones del progreso /
Mención de responsabilidad, etc. dirigida por Asa Briggs ; [traducción: José Mª Balil Giró... (et al.)].
250 ## - MENCION DE EDICION
Mención de edición [1ª ed.].
260 ## - PUBLICACIÓN, DISTRIBUCIÓN, ETC.
Lugar de publicación, distribución, etc. Barcelona, etc. :
Nombre del editor, distribuidor, etc. Labor,
Fecha de publicación, distribución, etc. [1973]
300 ## - DESCRIPCIÓN FÍSICA
Extensión 360 p., 81 lám. :
Otras características físicas il. ;
Dimensiones 35 cm.
490 1# - MENCIÓN DE SERIE
Mención de serie Historia de las civilizaciones
700 1# - ENTRADA AGREGADA--NOMBRE PERSONAL
Nombre de persona Balil Giró, José María.
9 (RLIN) 24940
830 0# - PUNTO DE ACCESO ADICIONAL DE SERIE-TÍTULO UNIFORME
Título uniforme Historia de las civilizaciones
9 (RLIN) 184084
852 ## - LOCALIZACIÓN
Ubicación ES-MaACL
Número de control de estantería C-55398
Sublocalización o colección R.87858
Holdings
Estatus retirado Estado de pérdida Estado de daño No para préstamo Biblioteca de origen Biblioteca actual Ubicación en estantería Fecha de adquisición Fuente de adquisición Total de préstamos Signatura topográfica completa Código de barras Visto por última vez Precio de reemplazo Tipo de ítem Koha
        Biblioteca del Ateneo de Madrid Biblioteca del Ateneo de Madrid Depósito 2 17/01/2008     C-55398 1038023 23/02/2023 23/02/2023 Libro impreso